Nutrition in pregnancy and lactation / (Record no. 18396)
[ view plain ]
| 000 -LEADER | |
|---|---|
| fixed length control field | 00652pam a2200253 a 4500 |
| 020 ## - INTERNATIONAL STANDARD BOOK NUMBER | |
| ISBN | 0801665698 |
| 040 ## - CATALOGING SOURCE | |
| Transcribing agency | DLC |
| 082 00 - DEWEY DECIMAL CLASSIFICATION NUMBER | |
| Classification number | 618 MOS 1993 C143 Or.1 |
| 100 2# - MAIN ENTRY--AUTHOR NAME | |
| Personal name | Worthington-Roberts, Bonnie S., |
| 245 10 - TITLE STATEMENT | |
| Title | Nutrition in pregnancy and lactation / |
| 250 ## - EDITION STATEMENT | |
| Edition statement | 5th ed. |
| 260 ## - PUBLICATION, DISTRIBUTION, ETC. (IMPRINT) | |
| Place of publication | St. Louis : |
| Name of publisher | Mosby, |
| Year of publication | c1993. |
| 300 ## - PHYSICAL DESCRIPTION | |
| Number of Pages | xiv, 537 p. : |
| Other physical details | ill., map ; |
| Dimensions | 24 cm. |
| 650 #0 - SUBJECT ADDED ENTRY--TOPICAL TERM | |
| Topical Term | Pregnancy |
| 650 #0 - SUBJECT ADDED ENTRY--TOPICAL TERM | |
| Topical Term | Mothers |
| 650 #0 - SUBJECT ADDED ENTRY--TOPICAL TERM | |
| Topical Term | Lactation |
| 650 #0 - SUBJECT ADDED ENTRY--TOPICAL TERM | |
| Topical Term | Health education. |
| 650 #2 - SUBJECT ADDED ENTRY--TOPICAL TERM | |
| Topical Term | Health Education. |
| 650 #2 - SUBJECT ADDED ENTRY--TOPICAL TERM | |
| Topical Term | Lactation. |
| 650 #2 - SUBJECT ADDED ENTRY--TOPICAL TERM | |
| Topical Term | Nutrition |
| 650 #2 - SUBJECT ADDED ENTRY--TOPICAL TERM | |
| Topical Term | Prenatal Care. |
| 700 1# - ADDED ENTRY--PERSONAL NAME | |
| Personal name | Williams, Sue Rodwell. |
| 942 ## - ADDED ENTRY ELEMENTS (KOHA) | |
| Koha item type | ADB |
| 952 ## - LOCATION AND ITEM INFORMATION (KOHA) | |
| Withdrawn status [LOCAL, KOHA] | 0 |
| Koha item type | Shelving location | Lost status | Permanent Location | Current Location | Date acquired | Full call number |
|---|---|---|---|---|---|---|
| សៀវភៅភាសាអង់គ្លេស | C143 | Library Block C | Library Block C | 2019-11-18 | 618 MOS 1993 C143 Or.1 |